[Event "Schwarzach op-B 20th"]
[Site "Schwarzach"]
[Date "2005.08.25"]
[Round "6.8"]
[White "Schroeder, Frank3333"]
[Black "Grob, Hans"]
[Result "1/2-1/2"]
[WhiteElo "1906"]
[BlackElo "1880"]
[PlyCount "102"]
[EventDate "2005.08.20"]
[EventType "swiss"]
[EventRounds "9"]
[EventCountry "AUT"]
[SourceTitle "EXT 2024"]
[Source "ChessBase"]
[SourceDate "2023.10.10"]
[SourceVersion "1"]
[SourceVersionDate "2023.10.10"]
[SourceQuality "1"]

1. d4 Nf6 2. c4 d6 3. Nc3 g6 4. e4 Bg7 5. Be2 0-0 6. Bg5 Nbd7 7. Qd2 c6 8. h4 Qc7 9. h5 e5 10. hxg6 fxg6 11. Nf3 Ng4 12. dxe5 Ndxe5 13. Nxe5 dxe5 14. f3 Nf6 15. 0-0-0 Be6 16. Qd6 Qf7 17. Qxe5 Nh5 18. Qc5 b6 19. Qe7 Bxc4 20. Qxf7+ Bxf7 21. Ba6 Rab8 22. Rd7 Bxc3 23. bxc3 Bxa2 24. g4 Ng7 25. Rxa7 Ra8 26. Rxa8 Rxa8 27. Bb7 Rf8 28. Bxc6 Rxf3 29. Kd2 Rg3 30. Be3 Rxg4 31. Bxb6 Rg2+ 32. Ke3 Rg3+ 33. Kd2 Ne6 34. Bd5 Rg2+ 35. Kd3 Rg3+ 36. Be3 Bxd5 37. exd5 Nf4+ 38. Ke4 Nxd5 39. Kxd5 Rxe3 40. c4 g5 41. c5 Rc3 42. Rh5 h6 43. Rxh6 Kg7 44. Rh1 Kg6 45. c6 g4 46. Kd6 Kg5 47. c7 g3 48. Rh8 Kg4 49. c8Q+ Rxc8 50. Rxc8 g2 51. Ke5 Kf3 1/2-1/2

[Event "Schwarzach op-B 20th"]
[Site "Schwarzach"]
[Date "2005.08.21"]
[Round "2.2"]
[White "Loeffler, Alois"]
[Black "Grob, Hans"]
[Result "1-0"]
[WhiteElo "2088"]
[BlackElo "1880"]
[PlyCount "83"]
[EventDate "2005.08.20"]
[EventType "swiss"]
[EventRounds "9"]
[EventCountry "AUT"]
[SourceTitle "EXT 2024"]
[Source "ChessBase"]
[SourceDate "2023.10.10"]
[SourceVersion "1"]
[SourceVersionDate "2023.10.10"]
[SourceQuality "1"]

1. e4 c5 2. Nf3 Nc6 3. d4 cxd4 4. Nxd4 Qb6 5. Nb3 Nf6 6. Nc3 e6 7. Be3 Qc7 8. f4 Bb4 9. Bd3 d5 10. e5 Nxe5 11. fxe5 Qxe5 12. Bb5+ Bd7 13. Bxd7+ Nxd7 14. Qd4 Qxd4 15. Bxd4 e5 16. 0-0-0 exd4 17. Nxd5 Bd6 18. Rxd4 0-0-0 19. Rhd1 Rhe8 20. h3 Re2 21. g4 Re6 22. a4 b6 23. a5 Kb7 24. Kb1 Nc5 25. Nb4 Nxb3 26. a6+ Kc7 27. cxb3 Rde8 28. Nd5+ Kb8 29. Nc3 Bc5 30. Rd8+ Rxd8 31. Rxd8+ Kc7 32. Rg8 g6 33. Nb5+ Kd7 34. Rg7 Ke8 35. Nc7+ Ke7 36. Nxe6 Kxe6 37. Rxh7 b5 38. Rh8 b4 39. Rc8 Kd6 40. Kc2 Bb6 41. Kd3 Bc5 42. h4 1-0